| Tag |
First Indicator |
Second Indicator |
Subfields |
| LEADER |
00000cam a22000001i 4500 |
| 001 |
in00004120613 |
| 005 |
20200117084853.0 |
| 006 |
m d f |
| 007 |
cr bn mmmapmmp |
| 008 |
091109s1976 dcu o f000 0 eng d |
| 035 |
|
|
|a cis2007528021
|
| 040 |
|
|
|a UMI
|b eng
|e rda
|c UMI
|d UtOrBLW
|
| 110 |
1 |
|
|a United States.
|b Congress.
|b Senate.
|b Committee on Rules and Administration,
|e issuing body.
|0 http://id.loc.gov/authorities/names/n79125216
|
| 245 |
1 |
0 |
|a To Establish a Standing Committee of the Senate on Intelligence Activities.
|
| 264 |
|
1 |
|a [Washington :
|b U.S. G.P.O.],
|c 1976.
|
| 300 |
|
|
|a 96 pages, digital, PDF file.
|
| 336 |
|
|
|a text
|2 rdacontent
|b txt
|
| 337 |
|
|
|a computer
|b c
|2 rdamedia
|
| 338 |
|
|
|a online resource
|2 rdacarrier
|b cr
|
| 500 |
|
|
|a Record is based on bibliographic data in ProQuest Congressional Hearings Digital Collection (last viewed July 2018) Reuse except for individual research requires license from ProQuest, LLC.
|
| 538 |
|
|
|a System requirements: PDF reader software.
|
| 500 |
|
|
|a Electronic resource.
|
| 610 |
1 |
0 |
|a United States.
|b Central Intelligence Agency.
|0 http://id.loc.gov/authorities/names/n79099301
|
| 650 |
|
0 |
|a Intelligence service.
|0 http://id.loc.gov/authorities/subjects/sh85067175
|
| 650 |
|
0 |
|a Jurisdiction.
|0 http://id.loc.gov/authorities/subjects/sh85071077
|
| 776 |
0 |
8 |
|a United States. Congress. Senate. Committee on Rules and Administration
|t To Establish a Standing Committee of the Senate on Intelligence Activities
|o 94 SRul-T.51
|
| 730 |
0 |
|
|a ProQuest U.S. Congressional Hearings Digital Collection.
|
| 856 |
4 |
0 |
|u http://proxy.library.tamu.edu/login?url=http://congressional.proquest.com/congcomp/getdoc?HEARING-ID=HRG-1976-RAS-0018
|y Electronic resource (PDF)
|t 0
|
| 999 |
f |
f |
|s 5d6ef74f-50ea-3dba-bae1-c5a2c0cf4be8
|i 788d08d3-bffb-3d5d-af88-d53a18f30b76
|t 0
|
| 952 |
f |
f |
|a Texas A&M University
|b College Station
|c Electronic Resources
|d Available Online
|t 0
|h No information provided
|
| 998 |
f |
f |
|t 0
|l Available Online
|